Sports Quiz

Random Sports or Basketball Quiz

Winningest Coaches in the NBA Quiz Stats

 Plays Quiz not verified by Sporcle

Challenge
Share
Tweet
Embed
Score 0/10 Timer 05:00
0 Plays Today
# of Games Won Coach % Correct
1,098Phil Jackson
100%
1,210Pat Riley
92.3%
1,335Don Nelson
87.3%
938Red Auerbach
81.8%
1,332Lenny Wilkens
78.5%
1,089Larry Brown
73.5%
986George Karl
66.9%
944Bill Fitch
32%
1,190Jerry Sloane
29.3%
935Dick Motta
24.9%

You're not logged in!

Compare scores with friends on all Sporcle quizzes.
Join for Free
OR
Log In

You Might Also Like...

Show Comments

Extras

Top Quizzes Today


Score Distribution

Your Account Isn't Verified!

In order to create a playlist on Sporcle, you need to verify the email address you used during registration. Go to your Sporcle Settings to finish the process.

Report this User

Report this user for behavior that violates our Community Guidelines.

Details: